000 00678cam a2200229 4500
001 J2893
008 090401t1994 xxu||||| |||| 00| 0 eng d
035 _a(Sirsi) u51721
041 _aeng
050 _a333.332025
110 _aValuation Office
_9264
245 _aDirectory (of) charging authorities: alphabetical order. - November 1994.
260 _aLondon
_bValuation Office
_c1994
300 _a10p. ; 30cm.
350 _a0
520 _aTo be used in conjunction with Directory of District Valuers and Valuation Officers q.v.
650 _aCHARGING AUTHORITIES
650 _aDIRECTORIES
690 _aRATING AND VALUATION
942 _n0
948 _c04/03/1997
999 _c92940
_d92940